Statistics for Capitals of South America

Click here to take the quiz!

General Stats

  • This quiz has been taken 9 times
  • The average score is 11 of 12

Answers on the Map

Answers color-coded by a green-red scale on the quiz's map according to % correct below.
Loading ...
 

Answer Stats

Capital% Correct
Buenos Aires
100%
Brasilia
100%
Bogota
100%
Quito
100%
Lima
100%
Montevideo
100%
Sucre
89%
Santiago
89%
Georgetown
89%
Paramaribo
89%
Caracas
89%
Asuncion
78%

Score Distribution

Percentile by Number Answered

Percent of People with Each Score

Your Score History

You have not taken this quiz